| 000 | 00439nam a22001457a 4500 | ||
|---|---|---|---|
| 003 | OSt | ||
| 005 | 20150912131754.0 | ||
| 008 | 150912b xxu||||| |||| 00| 0 eng d | ||
| 040 | _cRUA | ||
| 082 | _aAGR ចាន់ 1995 B015 Or.1 | ||
| 100 |
_9317 _aចាន់ សារ៉ាវង្ស |
||
| 245 | _aការប្រើប្រាស់ថ្នាំពុលកសិកម្ម | ||
| 300 |
_a56p. _bill. _c29cm. |
||
| 942 |
_2ddc _cAGR |
||
| 999 |
_c297 _d297 |
||